000 00750nam a2200205Ia 4500
001 17612
003 GE_BSU
008 181216s||||||||xx |||||||||||||| ||und||
040 _cGE_BSU
080 _a624.15(035.5)
245 _aСправочник проектировщика: сложные основания и фундаменты.
245 _cПод ред. Ю.Г.Трофименкова, Глав. ред. кол. серии А.К.Волянский, Г.Г.Судаков, И.В.Иоселовский и др.
260 _aМ.
260 _bСройиздат.
260 _c1960.
300 _a271 стр. с илл. 26 см.
300 _eТабл.
653 _aСправочник проектировщика.
942 _cBK
999 _c50661
_d50661